Bài tập cơ học chất lỏng ứng dụng

Bộ sách gồm 2 tập. Tập 1 trình bày những khái niệm cơ bản và tính chất vật lí của chất lỏng, tinh học chất lỏng, động học môi trường và liên tục, động lực học chất lỏng lí tưởng, dòng chảy qua lỗ và vòi, tính toán thủy lực đường ô...

全面介绍

Đã lưu trong:
书目详细资料
主要作者: Nguyễn, Hữu Chí
格式: 图书
语言:Undetermined
出版: Hà Nội Giáo dục 2008
主题:
标签: 添加标签
没有标签, 成为第一个标记此记录!
Thư viện lưu trữ: Trung tâm Học liệu Trường Đại học Cần Thơ
LEADER 01078nam a2200229Ia 4500
001 CTU_142037
008 210402s9999 xx 000 0 und d
020 |c 46000 
082 |a 532.5 
082 |b Ch300/T.1 
100 |a Nguyễn, Hữu Chí 
245 0 |a Bài tập cơ học chất lỏng ứng dụng 
245 0 |c Nguyễn Hữu Chí, Nguyễn Hữu Dy, Phùng Văn Khương 
260 |a Hà Nội 
260 |b Giáo dục 
260 |c 2008 
520 |a Bộ sách gồm 2 tập. Tập 1 trình bày những khái niệm cơ bản và tính chất vật lí của chất lỏng, tinh học chất lỏng, động học môi trường và liên tục, động lực học chất lỏng lí tưởng, dòng chảy qua lỗ và vòi, tính toán thủy lực đường ống... 
526 |a Thủy khí động lực học 
526 |b MT675 
650 |a Fluid mechanics,Hydrodynamics 
904 |i Giang 
980 |a Trung tâm Học liệu Trường Đại học Cần Thơ